000 00270nam a22001217a 4500
999 _c163308
_d163308
082 _a
_b
100 _aIndira S
245 _aIndian doctrine of trusteeship/
_cby Indira S.
260 _aNew Delhi:
_bDiscovery,
_c1991.
300 _a179p.
650 _a
942 _cBK